000 00474nam a2200145Ia 4500
008 100415s9999 xx 000 0 und d
082 _b9667
_a591.55
100 _aRussell ES
245 _aThe Behaviour of Animals : An Introduction to its Study
260 _aLONDON
_c1934
_bEDWARD ARNOLD AND CO.
365 _b0
630 _aThe Behaviour of Animals : An Introduction to its Study
730 _aThe Behaviour of Animals : An Introduction to its Study
942 _cBOOK
999 _c592603
_d592600